Statistieken voor Landen via Foto n°1

Klik hier om de quiz te nemen!

Algemene statistieken

  • Deze quiz is 2.666 keer genomen
  • De gemiddelde score is 9 van 15

Antwoordstatistieken

Antwoord% Correct
Brazilië
96%
Australië
95%
Rusland
94%
Japan
90%
India
78%
Duitsland
70%
Verenigde Arabische Emiraten
69%
Mexico
66%
IJsland
64%
Thailand
61%
Canada
51%
Israël / Palestina
41%
Noorwegen
31%
Venezuela
19%
Nieuw-Zeeland
16%

Scoreverdeling

Percentiel versus Aantal Correcte Antwoorden

Procent van Mensen met Elke Score

Uw Scoregeschiedenis

U heeft deze quiz nog niet genomen